Statistiques concernant Death Note personnages

Cliquez ici pour prendre le quiz!

Statistiques générales

  • Ce quiz a été pris 209 fois
  • Le résultat moyen est 10 sur 72

Statistiques - réponses

IndiceRéponse% Correct
LL Lawliet
100%
KiraLight Yagami
96%
Deuxième KiraMisa Amane
80%
NNear / Nate River
63%
Shinigami Rang 6Ryuk
62%
MMello / Mihael Keehl
57%
PolicierSôichirô Yagami
54%
Shinigami Rang 4Rem
48%
PolicierTôta Matsuda
46%
Gestionnaire de LWatari / Quillsh Wammy
45%
PolicierShûichi Aizawa
28%
X-KiraTeru Mikami
28%
FBIRaye Penber
25%
FBINaomi Misora
23%
Porte Parole de KiraKiyomi Takada
20%
Groupe YotsubaKyosuke Higuchi
15%
Sœur de KiraSayu Yagami
15%
PolicierKanzô Mogi
14%
Ami de MMatt / Mail Jeevas
14%
PolicierHideki Ide
11%
Directeur de Sakura TVHitoshi Demegawa
10%
Shinigami Rang 8Sidoh
9%
PolicierHirokazu Ukita
8%
Escroc ProfessionnelAiber / Tierry Morrello
7%
Shinigami Rang 13Gelus / Jealous
7%
SPKHalle Lidner / Bullook
7%
Faux LLind L. Tailor
7%
SPKStephen Gevanni / Loud
7%
CambrioleuseWedy / Merrie Kenwood
7%
SPKAnthony Rester / Carter
5%
Ancien Successeur de LBeyond Birthday
5%
Groupe YotsubaReiji Namikawa
4%
Mère de KiraSachiko Yagami
4%
MotardTakuo Shibuimaru
4%
Shinigami Rang 1Nu
3%
Souverain des ShinigamiRoi Shinigami
3%
Groupe YotsubaShingo Mido
3%
Groupe YotsubaArayoshi Hatori
2%
Président des EUDavid Hoope
2%
Groupe YotsubaEiichi Takahashi
2%
Shinigami Rang 7Gook
2%
SPKIII Ratt
2%
Groupe YotsubaMasahiko Kida
2%
A-KiraMinoru Tanaka
2%
MafiaRashual Bid
2%
MafiaRod Ross
2%
Groupe YotsubaSuguru Shimura
2%
Groupe YotsubaTakeshi Ooi
2%
Amie de KiraYuri
2%
Shinigami Rang 11Calikarcha
1%
Autre KiraC-Kira
1%
MafiaEddie
1%
SPKEllickson Gardner
1%
Vice-Président des EUGeorge Sairas
1%
MafiaGlen Humphreys
1%
MafiaJack Neylon
1%
SPKJohn McEnroe
1%
MafiaJose
1%
Shinigami Rang 9Midora
1%
MafiaMiller
1%
Directeur de la
Wammy's House
Roger Ruvie
1%
MafiaRoy
1%
MafiaSkyer
1%
SPKSteve Mason
1%
MafiaY462
1%
MafiaZakk Irius
1%
Shinigami Rang 2Armonia Justin Beyondormason
0%
Shinigami Rang 3Daril Ghiroza
0%
Shinigami Rang 10Deridovely
0%
Shinigami Rang 12Kinddara Guivelostain
0%
MafiaPedoro Kollet
0%
Shinigami Rang 5Zellogi
0%

Distribution des résultats

Percentile par nombre de réponses

% des personnes avec chaque résultat

Votre développement - résultats

Vous n’avez pas pris ce quiz